Las reformas de Carlos III en el régimen local de España / (Record no. 118670)

MARC details
000 -LEADER
campo de control de longitud fija 00413nam a2200145 4500
001 - NÚMERO DE CONTROL
campo de control 118670
003 - IDENTIFICADOR DE NÚMERO DE CONTROL
campo de control ES-MaACL
005 - FECHA Y HORA DE LA ÚLTIMA TRANSACCIÓN
campo de control 20230906191141.0
007 - CAMPO FIJO DE DESCRIPCIÓN FÍSICA--INFORMACIÓN GENERAL
campo de control de longitud fija t|
008 - DATOS DE LONGITUD FIJA--INFORMACIÓN GENERAL
campo de control de longitud fija 070214s1919 sp r ||||1| spa d
100 1# - ENTRADA PRINCIPAL--NOMBRE DE PERSONA
Nombre de persona Pérez Bua, Manuel.
9 (RLIN) 90679
245 14 - MENCIÓN DEL TÍTULO
Título Las reformas de Carlos III en el régimen local de España /
Mención de responsabilidad, etc. Manuel Pérez Bua.
260 ## - PUBLICACIÓN, DISTRIBUCIÓN, ETC.
Lugar de publicación, distribución, etc. Madrid :
Nombre del editor, distribuidor, etc. [s.n.],
Fecha de publicación, distribución, etc. 1919.
852 ## - LOCALIZACIÓN
Ubicación ES-MaACL
Número de control de estantería 1582-F-7
Holdings
Estatus retirado Estado de pérdida Estado de daño No para préstamo Colección Biblioteca de origen Biblioteca actual Ubicación en estantería Fecha de adquisición Fuente de adquisición Total de préstamos Signatura topográfica completa Código de barras Visto por última vez Precio de reemplazo Tipo de ítem Koha
        Colección de folletos Biblioteca del Ateneo de Madrid Biblioteca del Ateneo de Madrid Depósito folletos 17/01/2008     1582-F-7 1123711 23/02/2023 23/02/2023 Folleto